En busca de un mundo mejor / (Record no. 10106)

MARC details
000 -LEADER
campo de control de longitud fija 00641nam a2200217 i 4500
001 - NÚMERO DE CONTROL
campo de control 10106
003 - IDENTIFICADOR DE NÚMERO DE CONTROL
campo de control ES-MaACL
005 - FECHA Y HORA DE LA ÚLTIMA TRANSACCIÓN
campo de control 20230906145823.0
008 - DATOS DE LONGITUD FIJA--INFORMACIÓN GENERAL
campo de control de longitud fija 950213s1994 sp ||||1| spa d
020 ## - NÚMERO INTERNACIONAL ESTÁNDAR DEL LIBRO
Número Internacional Estándar del Libro 84-7509-987-4
080 ## - NÚMERO DE LA CLASIFICACIÓN DECIMAL UNIVERSAL
Número de la Clasificación Decimal Universal 1(081) Popper, Karl Raimund
100 1# - ENTRADA PRINCIPAL--NOMBRE DE PERSONA
Nombre de persona Popper, Karl Raimund.
9 (RLIN) 93108
245 10 - MENCIÓN DEL TÍTULO
Título En busca de un mundo mejor /
Mención de responsabilidad, etc. Karl Popper.
250 ## - MENCION DE EDICION
Mención de edición [1ª ed.].
260 ## - PUBLICACIÓN, DISTRIBUCIÓN, ETC.
Lugar de publicación, distribución, etc. Barcelona [etc.] :
Nombre del editor, distribuidor, etc. Paidós,
Fecha de publicación, distribución, etc. 1994.
300 ## - DESCRIPCIÓN FÍSICA
Extensión 314 p. ;
Dimensiones 23 cm.
490 1# - MENCIÓN DE SERIE
Mención de serie Paidós estado y sociedad ;
Designación de volumen o secuencia 21
830 0# - PUNTO DE ACCESO ADICIONAL DE SERIE-TÍTULO UNIFORME
Título uniforme Paidós estado y sociedad ;
Designación de volumen o secuencia 21
9 (RLIN) 178635
852 ## - LOCALIZACIÓN
Ubicación ES-MaACL
Número de control de estantería L-17570
Holdings
Estatus retirado Estado de pérdida Estado de daño No para préstamo Biblioteca de origen Biblioteca actual Ubicación en estantería Fecha de adquisición Fuente de adquisición Total de préstamos Signatura topográfica completa Código de barras Visto por última vez Precio de reemplazo Tipo de ítem Koha
        Biblioteca del Ateneo de Madrid Biblioteca del Ateneo de Madrid Depósito 2 17/01/2008     L-17570 1010315 23/02/2023 23/02/2023 Libro impreso